"THE MAHARASHTRA WORKMEN'S MINIMUM HOUSE - RENT ALLOUNCE ACT,1983 WITH RULES 1990 ." (Record no. 479154)

MARC details
000 -LEADER
fixed length control field 00964nam a2200241Ia 4500
008 - FIXED-LENGTH DATA ELEMENTS--GENERAL INFORMATION
fixed length control field 100315s9999 xx 000 0 und d
040 ## - CATALOGING SOURCE
Transcribing agency ENGLISH 
082 ## - DEWEY DECIMAL CLASSIFICATION NUMBER
Item number 4419 
Classification number 344.01 
100 ## - MAIN ENTRY--PERSONAL NAME
Personal name Labour Law Agency
245 ## - TITLE STATEMENT
Title "THE MAHARASHTRA WORKMEN'S MINIMUM HOUSE - RENT ALLOUNCE ACT,1983 WITH RULES 1990 ."
260 ## - PUBLICATION, DISTRIBUTION, ETC. (IMPRINT)
Place of publication, distribution, etc Bombay 
Name of publisher, distributor, etc Labour Law Agency  
Date of publication, distribution, etc 2003 
300 ## - PHYSICAL DESCRIPTION
Extent 26P 
365 ## - TRADE PRICE
Price note Rupees 
Unit of pricing
Price amount 17.00 
366 ## - TRADE AVAILABILITY INFORMATION
Publishers' discount category 15 
505 ## - FORMATTED CONTENTS NOTE
Miscellaneous information DBH 
530 ## - ADDITIONAL PHYSICAL FORM AVAILABLE NOTE
Availability source LAXMI BOOK DEPOT 520/26-05-2003 
Additional physical form available note 520/26-05-2003 
536 ## - FUNDING INFORMATION NOTE
Text of note 01/04/2003-31/03/2004 
620 ## -
-- "Appointment of Controlling Authority, Responsibility for Payment of Bonus, Penalties for Offences, Register of Workmen "
630 ## - SUBJECT ADDED ENTRY--UNIFORM TITLE
Uniform title "THE MAHARASHTRA WORKMEN'S MINIMUM HOUSE - RENT ALLOUNCE ACT,1983 WITH RULES 1990 ."
650 ## - SUBJECT ADDED ENTRY--TOPICAL TERM
Topical term or geographic name as entry element Labour law 
730 ## - ADDED ENTRY--UNIFORM TITLE
Uniform title "THE MAHARASHTRA WORKMEN'S MINIMUM HOUSE - RENT ALLOUNCE ACT,1983 WITH RULES 1990 ."
942 ## - ADDED ENTRY ELEMENTS (KOHA)
Koha item type Book
Holdings
Withdrawn status Lost status Damaged status Not for loan Home library Current library Date acquired Cost, normal purchase price Total Checkouts Full call number Barcode Date last seen Price effective from Koha item type
        Dr. V. N. Bedekar Institute of Management Studies Library Dr. V. N. Bedekar Institute of Management Studies Library 04/06/2005 20.00   344.01 /LLA  4419  VPMBRIMS-4419  03/19/2010 03/19/2010 Book